[Event "NATO-ch 30th"]
[Site "Berlin"]
[Date "2019.09.20"]
[Round "7.12"]
[White "Watters, Chase Miles"]
[Black "Bohn, Ulrich"]
[Result "0-1"]
[WhiteElo "2179"]
[BlackElo "2157"]
[PlyCount "84"]
[EventDate "2019.09.14"]
[EventType "team-swiss"]
[EventRounds "7"]
[EventCountry "GER"]
[SourceTitle "EXT 2020"]
[Source "ChessBase"]
[SourceDate "2019.10.17"]
[SourceVersion "1"]
[SourceVersionDate "2019.10.17"]
[SourceQuality "1"]
[WhiteTeam "United States"]
[BlackTeam "Germany"]
[WhiteTeamCountry "USA"]
[BlackTeamCountry "GER"]

1. d4 Nf6 2. c4 c5 3. d5 b5 4. cxb5 a6 5. Nc3 Qa5 6. bxa6 Bxa6 7. Bd2 Qb6 8. Qb3 Qb4 9. Qc2 d6 10. a4 Qb7 11. e4 Bxf1 12. Kxf1 g6 13. f3 Bg7 14. g4 0-0 15. Nge2 Nbd7 16. Kg2 Rab8 17. Rab1 e6 18. g5 Nh5 19. Ng3 Nxg3 20. hxg3 Qb3 21. Qc1 Ne5 22. Bf4 Rb6 23. Qd1 Ra8 24. dxe6 fxe6 25. Nb5 Qa2 26. Nc3 Rxb2+ 27. Rxb2 Qxb2+ 28. Qd2 Qxd2+ 29. Bxd2 Nc4 30. Be1 Bd4 31. Kh3 Nb2 32. Rh2 Nd3 33. Bd2 Nf2+ 34. Kg2 Bxc3 35. Kxf2 Bxd2 36. f4 Rxa4 37. Kf3 Ra3+ 38. Kg4 Be1 39. Rh3 c4 40. f5 exf5+ 41. exf5 Rxg3+ 42. Rxg3 Bxg3 0-1

[Event "NATO-ch 30th"]
[Site "Berlin"]
[Date "2019.09.19"]
[Round "6.5"]
[White "Sypien, Mateusz"]
[Black "Watters, Chase Miles"]
[Result "1-0"]
[WhiteElo "2243"]
[BlackElo "2179"]
[PlyCount "67"]
[EventDate "2019.09.14"]
[EventType "team-swiss"]
[EventRounds "7"]
[EventCountry "GER"]
[SourceTitle "EXT 2020"]
[Source "ChessBase"]
[SourceDate "2019.10.17"]
[SourceVersion "1"]
[SourceVersionDate "2019.10.17"]
[SourceQuality "1"]
[WhiteTeam "Poland"]
[BlackTeam "United States"]
[WhiteTeamCountry "POL"]
[BlackTeamCountry "USA"]

1. Nf3 d5 2. g3 Nf6 3. Bg2 Bf5 4. d3 h6 5. 0-0 e6 6. Nfd2 c6 7. e4 Bg4 8. Qe1 Be7 9. h3 Bh5 10. f4 Qb6+ 11. Kh1 Na6 12. f5 Nb4 13. Na3 0-0-0 14. e5 exf5 15. exf6 Bxf6 16. Qf2 Qxf2 17. Rxf2 Bg6 18. Nf3 c5 19. Bf1 Bh7 20. c3 Nc6 21. Nc2 g5 22. d4 b6 23. Be3 Be7 24. Bb5 Nb8 25. dxc5 bxc5 26. Rd1 Bd6 27. Rxd5 Bxg3 28. Rxc5+ Kb7 29. Re2 a6 30. Bc4 Bd6 31. Bd5+ Kb6 32. Rc8+ Ka5 33. b4+ Ka4 34. Bb3+ 1-0

[Event "NATO-ch 30th"]
[Site "Berlin"]
[Date "2019.09.17"]
[Round "2.15"]
[White "Tucker, David Sidney"]
[Black "Watters, Chase Miles"]
[Result "0-1"]
[WhiteElo "1997"]
[BlackElo "2179"]
[PlyCount "78"]
[EventDate "2019.09.14"]
[EventType "team-swiss"]
[EventRounds "7"]
[EventCountry "GER"]
[SourceTitle "EXT 2020"]
[Source "ChessBase"]
[SourceDate "2019.10.17"]
[SourceVersion "1"]
[SourceVersionDate "2019.10.17"]
[SourceQuality "1"]
[WhiteTeam "NATO V"]
[BlackTeam "United States"]
[BlackTeamCountry "USA"]

1. e4 c6 2. Nc3 d5 3. Nf3 Nf6 4. e5 Ne4 5. Be2 Bf5 6. Nh4 e6 7. Nxf5 exf5 8. 0-0 Nc5 9. d4 Ne6 10. Bf3 g6 11. b3 Bg7 12. a4 0-0 13. Re1 Na6 14. Ba3 Re8 15. Qd2 Qh4 16. Rad1 Ng5 17. Qd3 Ne4 18. g3 Qd8 19. Bg2 Nc7 20. f3 Nxc3 21. Qxc3 Ne6 22. Qd2 f4 23. c4 Bh6 24. Bd6 Qg5 25. g4 Rac8 26. c5 Qh4 27. b4 Bg5 28. Re2 h5 29. h3 hxg4 30. hxg4 Kg7 31. Qe1 Qh6 32. Rb2 Rh8 33. Qc3 Qh2+ 34. Kf1 Rh7 35. b5 Rch8 36. bxc6 bxc6 37. Rb8 Qh1+ 38. Kf2 Qxd1 39. Rxh8 Bh4# 0-1

[Event "NATO-ch 30th"]
[Site "Berlin"]
[Date "2019.09.17"]
[Round "3.7"]
[White "Watters, Chase Miles"]
[Black "Fichtner, Ewald"]
[Result "1-0"]
[WhiteElo "2179"]
[BlackElo "2046"]
[PlyCount "105"]
[EventDate "2019.09.14"]
[EventType "team-swiss"]
[EventRounds "7"]
[EventCountry "GER"]
[SourceTitle "EXT 2020"]
[Source "ChessBase"]
[SourceDate "2019.10.17"]
[SourceVersion "1"]
[SourceVersionDate "2019.10.17"]
[SourceQuality "1"]
[WhiteTeam "United States"]
[BlackTeam "NATO II"]
[WhiteTeamCountry "USA"]

1. d4 d5 2. Bf4 Nf6 3. e3 c5 4. dxc5 Qa5+ 5. Nd2 Nc6 6. a3 Qxc5 7. b4 Qb6 8. Ngf3 g6 9. c4 Be6 10. c5 Qd8 11. b5 Nb8 12. Nd4 Qc8 13. c6 Bg7 14. Rc1 Nh5 15. Bxb8 Rxb8 16. c7 Ra8 17. Be2 Nf6 18. 0-0 0-0 19. f4 Qd7 20. N2b3 b6 21. Rc6 Rac8 22. Nxe6 fxe6 23. Nd4 Rxc7 24. Nxe6 Rxc6 25. Nxf8 Kxf8 26. bxc6 Qxc6 27. Bf3 e6 28. Qc1 Qb7 29. Qc2 Nd7 30. e4 Nc5 31. exd5 exd5 32. f5 Bd4+ 33. Kh1 Kg7 34. Rd1 Qe7 35. fxg6 hxg6 36. Bxd5 Qe5 37. Bf3 g5 38. Qc4 Bb2 39. a4 Ne6 40. Qe4 Nc5 41. Qa8 Qe7 42. Qc6 Be5 43. h3 Bb8 44. Bh5 Bc7 45. Qg6+ Kf8 46. Rf1+ Bf4 47. g3 Qd7 48. Kg2 Qd2+ 49. Rf2 Qd5+ 50. Bf3 Qc4 51. Re2 Qxa4 52. Qf6+ Kg8 53. Bd5+ 1-0

[Event "NATO-ch 29th"]
[Site "Lubbock"]
[Date "2018.06.08"]
[Round "7"]
[White "Watters, Chase Miles"]
[Black "Helbig, Mark"]
[Result "0-1"]
[WhiteElo "2175"]
[BlackElo "2361"]
[PlyCount "152"]
[EventDate "2018.06.04"]
[EventType "swiss"]
[EventRounds "7"]
[EventCountry "USA"]
[SourceTitle "EXT 2019"]
[Source "ChessBase"]
[SourceDate "2018.10.10"]
[SourceVersion "1"]
[SourceVersionDate "2018.10.10"]
[SourceQuality "1"]

1. d4 Nf6 2. c4 g6 3. Nf3 Bg7 4. Nc3 0-0 5. Bf4 d6 6. h3 Nbd7 7. e3 b6 8. Be2 Bb7 9. 0-0 Ne4 10. Nxe4 Bxe4 11. Nd2 Bb7 12. Qc2 e5 13. dxe5 Nxe5 14. Rac1 Qe7 15. b4 a5 16. b5 Rae8 17. Nb3 h6 18. Nd4 f5 19. Rfd1 Be4 20. Qb3 Kh7 21. Bxe5 Qxe5 22. Bf3 Qf6 23. Rf1 Qh4 24. Bxe4 fxe4 25. Qd1 h5 26. Qc2 Rf7 27. Rce1 Be5 28. Nc6 Rf5 29. Nxe5 Rexe5 30. Kh2 Qf6 31. Re2 Kh6 32. Rd2 g5 33. Rd4 Qe7 34. Rh1 Kg7 35. Qe2 Qf7 36. Rf1 Kf8 37. Kg1 Ke7 38. Qc2 Qe6 39. Qe2 Qg6 40. Qc2 Rf6 41. Rd5 Rfe6 42. Rfd1 g4 43. hxg4 hxg4 44. R1d4 Kd7 45. c5 Rxd5 46. Rxd5 bxc5 47. Qxc5 g3 48. Qc6+ Kd8 49. Qa8+ Ke7 50. Qxa5 gxf2+ 51. Kf1 Kd7 52. b6 Rf6 53. Rg5 Qh6 54. Qa4+ Ke7 55. Qxe4+ Re6 56. Qg4 cxb6 57. Kxf2 Qf6+ 58. Rf5 Qb2+ 59. Kf3 Qa1 60. Qg5+ Kd7 61. Kg3 Qe1+ 62. Kh2 Qxe3 63. Qxe3 Rxe3 64. Rf2 d5 65. g3 Kd6 66. Kh3 d4 67. Kh4 d3 68. g4 Ke5 69. Rb2 Re2 70. Rb5+ Kf4 71. Rb4+ Ke3 72. Rxb6 d2 73. Rd6 Re1 74. g5 d1Q 75. Rxd1 Rxd1 76. g6 Kf4 0-1

[Event "NATO-ch 29th"]
[Site "Lubbock"]
[Date "2018.06.07"]
[Round "5"]
[White "Watters, Chase Miles"]
[Black "Bobula, Mateusz"]
[Result "1/2-1/2"]
[WhiteElo "2175"]
[BlackElo "2347"]
[PlyCount "56"]
[EventDate "2018.06.04"]
[EventType "swiss"]
[EventRounds "7"]
[EventCountry "USA"]
[SourceTitle "EXT 2019"]
[Source "ChessBase"]
[SourceDate "2018.10.10"]
[SourceVersion "1"]
[SourceVersionDate "2018.10.10"]
[SourceQuality "1"]

1. d4 Nf6 2. Bf4 g6 3. c4 c6 4. Nc3 d5 5. e3 Bg7 6. Nf3 0-0 7. h3 Bf5 8. Qb3 Qb6 9. c5 Qxb3 10. axb3 Nbd7 11. b4 a6 12. Nd2 Ne4 13. Ncxe4 Bxe4 14. 0-0-0 a5 15. Nxe4 dxe4 16. b5 e5 17. Bg3 exd4 18. exd4 Nf6 19. Bc4 Nd5 20. Rhe1 Rfe8 21. Kc2 f5 22. f3 Kh8 23. fxe4 Nb4+ 24. Kb3 fxe4 25. d5 cxd5 26. Bxd5 Nd3 27. c6 a4+ 28. Ka2 bxc6 1/2-1/2

[Event "NATO-ch 28th"]
[Site "Budapest"]
[Date "2017.03.29"]
[Round "4"]
[White "Watters, Chase Miles"]
[Black "Helbig, Mark"]
[Result "1/2-1/2"]
[WhiteElo "2198"]
[BlackElo "2342"]
[PlyCount "108"]
[EventDate "2017.03.27"]
[EventType "swiss"]
[EventRounds "7"]
[EventCountry "HUN"]
[SourceTitle "CBM 177 Extra"]
[Source "ChessBase"]
[SourceDate "2017.04.27"]
[SourceVersion "1"]
[SourceVersionDate "2017.04.27"]
[SourceQuality "1"]

1. d4 Nf6 2. c4 e6 3. Nf3 b6 4. g3 Ba6 5. Qa4 c5 6. Bg2 Bb7 7. 0-0 Be7 8. Nc3 Qc8 9. Bf4 0-0 10. dxc5 bxc5 11. Rfd1 Rd8 12. Nb5 Bc6 13. Qa5 Ne8 14. Nc7 Nxc7 15. Bxc7 Re8 16. Bd6 Na6 17. Ne5 Bxg2 18. Kxg2 Qb7+ 19. Kg1 Bxd6 20. Rxd6 Qxb2 21. Rad1 Qxe5 22. Qxa6 Qxe2 23. Rxd7 h5 24. h4 e5 25. Qb7 Qxc4 26. Qd5 Qxd5 27. R1xd5 Rac8 28. Rxa7 c4 29. Rdd7 Kh7 30. Rd2 c3 31. Rc2 Red8 32. Ra3 Rd3 33. Kf1 Kg6 34. Ke2 e4 35. Rb3 Rc6 36. a4 f5 37. a5 f4 38. gxf4 Kf5 39. Ra3 Kxf4 40. a6 Rc8 41. a7 Ra8 42. Rcxc3 Rxc3 43. Rxc3 Rxa7 44. Rg3 Ra2+ 45. Kf1 Ra7 46. Rg5 Rf7 47. Kg2 Ra7 48. Rxh5 Ra2 49. Kf1 Ra6 50. Rg5 g6 51. Kg2 Rb6 52. Kf1 e3 53. fxe3+ Kf3 54. Kg1 Kxe3 1/2-1/2

[Event "NATO-ch 27th"]
[Site "Shrivenham"]
[Date "2016.08.23"]
[Round "3"]
[White "Picart, Laurent"]
[Black "Watters, Chase Miles"]
[Result "0-1"]
[WhiteElo "2084"]
[BlackElo "2197"]
[PlyCount "90"]
[EventDate "2016.08.22"]
[EventType "swiss"]
[EventRounds "7"]
[EventCountry "ENG"]
[SourceTitle "EXT 2018"]
[Source "ChessBase"]
[SourceDate "2017.10.13"]
[SourceVersion "1"]
[SourceVersionDate "2017.10.13"]
[SourceQuality "1"]

1. d4 d5 2. Nf3 c5 3. c4 dxc4 4. e4 cxd4 5. Qxd4 Qxd4 6. Nxd4 a6 7. Bxc4 e5 8. Nf5 Bxf5 9. exf5 Bb4+ 10. Nc3 Ne7 11. Bd3 Nd7 12. 0-0 Rc8 13. Ne4 Nxf5 14. a3 Be7 15. Nf6+ Bxf6 16. Bxf5 g6 17. Bh3 Rd8 18. Bh6 Nb8 19. f4 e4 20. Rae1 Rd4 21. g4 Rg8 22. Bg2 Nc6 23. Bxe4 Kd8 24. g5 Be7 25. f5 Bc5 26. Kh1 Re8 27. Bxc6 Rxe1 28. Rxe1 bxc6 29. fxg6 hxg6 30. Rc1 Bd6 31. Bg7 Rd5 32. Rxc6 Kd7 33. Rxa6 Rxg5 34. Bf6 Rf5 35. Bc3 Rh5 36. Ra7+ Ke8 37. Bf6 Rxh2+ 38. Kg1 Rxb2 39. Ra8+ Rb8 40. Ra6 Bc5+ 41. Kg2 Rb6 42. Rxb6 Bxb6 43. Kf3 Kd7 44. Kg4 Ba5 45. Kg5 Bd8 0-1

[Event "Pan American Intercollegiate-chT"]
[Site "South Padre Island"]
[Date "2009.12.30"]
[Round "6"]
[White "Watters, Chase Miles"]
[Black "De Sa, Christopher Matthew"]
[Result "1-0"]
[WhiteElo "2183"]
[BlackElo "2239"]
[PlyCount "77"]
[EventDate "2009.12.27"]
[EventType "team-swiss"]
[EventRounds "6"]
[EventCountry "USA"]
[SourceTitle "CBM 134 Extra"]
[Source "ChessBase"]
[SourceDate "2010.03.03"]
[SourceVersion "1"]
[SourceVersionDate "2010.03.03"]
[SourceQuality "1"]

1. d4 Nf6 2. Nf3 g6 3. c4 Bg7 4. Nc3 d5 5. cxd5 Nxd5 6. Bd2 0-0 7. e4 Nb6 8. Be3 Bg4 9. Be2 Nc6 10. d5 Bxf3 11. gxf3 Ne5 12. Qb3 Re8 13. f4 Ned7 14. h4 e6 15. dxe6 Rxe6 16. 0-0-0 Qe7 17. e5 a5 18. Qc2 f6 19. Bg4 f5 20. Bf3 c6 21. h5 Nc4 22. hxg6 hxg6 23. Ne2 Ndxe5 24. fxe5 Nxe3 25. fxe3 Rxe5 26. Qb3+ Kf8 27. Nf4 Qf6 28. Qa3+ c5 29. Rd3 Rae8 30. Bd5 b6 31. Re1 Bh6 32. Rh1 Kg7 33. Qc3 b5 34. Rg1 Bg5 35. Ne6+ R8xe6 36. Bxe6 b4 37. Rd7+ Kh6 38. Rh1+ Bh4 39. Rxh4+ 1-0

[Event "Pan American Intercollegiate-chT"]
[Site "South Padre Island"]
[Date "2009.12.29"]
[Round "5"]
[White "Ramachandran, Karthik"]
[Black "Watters, Chase Miles"]
[Result "0-1"]
[WhiteElo "1649"]
[BlackElo "2183"]
[PlyCount "93"]
[EventDate "2009.12.27"]
[EventType "team-swiss"]
[EventRounds "6"]
[EventCountry "USA"]
[SourceTitle "CBM 134 Extra"]
[Source "ChessBase"]
[SourceDate "2010.03.03"]
[SourceVersion "1"]
[SourceVersionDate "2010.03.03"]
[SourceQuality "1"]

1. d4 d5 2. Nf3 Nf6 3. c4 dxc4 4. Nc3 a6 5. a4 Nc6 6. e4 Bg4 7. Be3 e5 8. d5 Na5 9. Qc2 Bd6 10. Nd2 Bd7 11. Nxc4 Nxc4 12. Bxc4 Ng4 13. Qe2 Nxe3 14. Qxe3 b5 15. Bd3 0-0 16. 0-0 b4 17. Nb1 a5 18. Nd2 f5 19. exf5 Bxf5 20. Bxf5 Rxf5 21. Ne4 h6 22. b3 Rf7 23. Rac1 Be7 24. Rfd1 Ra6 25. Qh3 Rg6 26. Qh5 Kh7 27. Qxe5 Bd6 28. Nxd6 cxd6 29. Qe3 Qf6 30. Rc2 Qf3 31. Qxf3 Rxf3 32. Rb2 Rc3 33. Kf1 Rg5 34. Kg1 Rxd5 35. Rdb1 Rdd3 36. Kf1 Kg6 37. Ke2 Kf5 38. Kf1 g5 39. Ke2 Ke4 40. f3+ Kd4 41. Kf2 h5 42. Ke2 h4 43. h3 Ke5 44. Kf2 Kf4 45. Re2 Rxb3 46. Rbe1 d5 47. Re8 0-1